Peldaños de José Kentenich: poema dramático en siete panoramas del Rin y de los Andes
Uloženo v:
| Hlavní autor: | |
|---|---|
| Médium: | Kniha |
| Jazyk: | španělština |
| Vydáno: |
s.l
Pater-Kentenich-Gedenkjahr
1985
|
| Vydání: | 1a. ed |
| Témata: | |
| Tagy: |
Přidat tag
Žádné tagy, Buďte první, kdo vytvoří štítek k tomuto záznamu!
|
MARC
| LEADER | 00000cam a2200000 a 4500 | ||
|---|---|---|---|
| 001 | UCD9953 | ||
| 003 | CL-VaPUC | ||
| 008 | 170709e19850000gw |||||||||||||||||spa|d | ||
| 082 | 0 | 4 | |a Ch861 |b ALL |2 21 |
| 100 | 0 | |a Alliende Luco, Joaquín |e author |9 593892 | |
| 245 | 1 | 0 | |a Peldaños de José Kentenich: poema dramático en siete panoramas del Rin y de los Andes |
| 250 | |a 1a. ed | ||
| 300 | |a 49 p | ||
| 942 | |c BK | ||
| 945 | |d 20170709 17:01:00 |a arojas | ||
| 260 | |a s.l |b Pater-Kentenich-Gedenkjahr |c 1985 | ||
| 650 | 0 | |a Poesías chilenas |9 265280 | |
| 650 | 0 | |a Literatura chilena |9 308278 | |
| 583 | |a last modification |c 20170709 17:01:00 |k Rodrigo Vera | ||
| 999 | |c 368962 |d 368960 | ||
| 952 | |0 0 |1 0 |3 erb |4 0 |6 CH_861_000000000000000_ALL_1985 |7 0 |8 X |9 484469 |a FDOBUD |b FDOBUD |i 5407168 |o Ch861 ALL 1985 |p 5407168 |r 2019-11-24 |w 2019-11-24 |y BK_X |z Catalogado en:20170709 |k BUD | ||